| 000 | 00475nam a2200157Ia 4500 | ||
|---|---|---|---|
| 008 | 180921t1994 xxu||||| |||| 00| 0 eng d | ||
| 041 | _aeng | ||
| 080 |
_a631.37 _bVER |
||
| 100 | _aVermillon, Douglas, L. | ||
| 245 | _aIrrigation management transfer in Colombia :A pilot experiment and its consequences | ||
| 260 |
_bIntertional irrigation management institute _c1994 |
||
| 300 | _a18p., 27 cm | ||
| 942 | _cBK | ||
| 999 |
_c15732 _d15732 |
||
| 003 | LK-CoDNM | ||
| 040 |
_aLK-CoDNM _dLK-CoDNM _eLK-CoDNM |
||